|
|
|
|
| LEADER |
00000nab a2200000 a 4500 |
| 001 |
vtls000684402 |
| 003 |
SK-MaSNL |
| 005 |
20260304035637.0 |
| 008 |
160314c xo 0 slo |
| 015 |
|
|
|a SNBRB1999/03-05897
|
| 035 |
|
|
|a CLN000036569
|
| 040 |
|
|
|a SNKBUCL
|b slo
|c SNKBUCL
|e AACR2
|
| 041 |
0 |
|
|a slo
|
| 044 |
|
|
|a xo
|c SK
|
| 080 |
|
|
|a 82(091):885.4"18"
|2 UDC-MRF-SK2
|
| 080 |
|
|
|a 885.4(091)"18"
|2 UDC-MRF-SK2
|
| 080 |
|
|
|a 885.4-1:033
|2 UDC-MRF-SK2
|
| 100 |
1 |
|
|a Fordinálová, Eva,
|d 1941-
|4 aut
|9 87521
|
| 245 |
1 |
0 |
|a Čo dáva Hollého veršom dušu
|c Eva Fordinálová
|
| 300 |
|
|
|b Fotogr.
|
| 600 |
1 |
7 |
|a Hollý, Ján,
|d 1785-1849
|2 SNKMA
|9 16461
|
| 650 |
0 |
7 |
|a básnická tvorba
|2 SNK
|9 360568
|
| 773 |
0 |
|
|x 0862-8823
|t Slovenské národné noviny
|g Roč. 10 (14), č. 11 (1999), s. 8
|
| 850 |
|
|
|a Slovenská národná knižnica v Martine
|
| 852 |
|
|
|a SNK
|b KIS3GCP
|
| 958 |
|
|
|a SK
|
| 958 |
|
|
|a LX
|
| 958 |
|
|
|a RBX
|
| 999 |
|
|
|c 2659239
|d 2661169
|